00262nam a2200109Ia 4500008004100000100001400041245004200055260001900097650001400116942000700130999001500137190216s9999||||xx |||||||||||||| ||und|| aGupta K R 0aEconomics Of Development And Planning bAlmurshad Book aEconomics cBK c9371d9371